00852 a2200181 45000010006000000050017000060080041000230030015000640400040000790800035001192450048001540200022002022640032002243000019002565050361002750410008006361000026006442149720260407155505.0260407a2005 arg spa dAR-UNSa-BCEJYS aAR-UNSa-BCEJYSbspacAR-UNSa-BCEJYS a35xAdministración Pública10aPrincipios de la administración pública a978-950-569-235-4 1aBuenos Aires :bAbacoc2005 a309 p.c23 cm. a1. Estado y administración pública - 2. Teorías tradicionales y nuevos enfoques de la organización administrativa - 3. Personas jurídicas públicas y órganos administrativos - 4. Los principios de la organización administrativa - 5. La organización pública nacional - 6. La organización pública nacional - 7. El presupuesto público aspa1 aIvanega, Miriam Mabel